000 00280nam a22001337a 4500
008 170306b xxu||||| |||| 00| 0 eng d
020 _a9780865774841
041 _aeng
080 _a611
100 _a6
101 _aSHM
245 _aINTERNAL ORGANS
_cKAHLE, W
942 _2udc
_cBK
999 _c6860
_d6860